| 000 | 00623nam a22002297a 4500 | ||
|---|---|---|---|
| 001 | 90453 | ||
| 003 | UA-OsUOA | ||
| 005 | 20201020150541.0 | ||
| 007 | ta | ||
| 008 | 20121116b un ||||| |||| 00| 0 ukr d | ||
| 040 |
_aUA-OsUOA _bukr _cUA-OsUOA _dUA-OsUOA |
||
| 041 | _aukr | ||
| 080 | _a821.161.2 | ||
| 090 |
_a821.161.2 _bМ19 |
||
| 100 | _aМалиновська М. | ||
| 245 |
_aГримучі озера Полісся _bдилогія |
||
| 260 |
_aК. _bДніпро _c1983 |
||
| 300 | _a472 с. | ||
| 650 | 7 |
_a82 Література. Літературознавство _2UDC |
|
| 942 |
_cBK _2udc |
||
| 955 | _a3 | ||
| 999 |
_c376544 _d376544 |
||